• 首页
  • 本馆介绍
  • 公告通知
  • 最新文献
  • 馆藏检索
  • 电子资源
  • 读者导购
  • 参考咨询
  • 我的图书馆
  • 登录
  • 详细信息显示
  • 放入我的书架
  • 预约/预借图书
  • 作者相关作品
  • 分类相关作品
  • 丛书相关作品
  • 出版社相关作品

书目信息

  • 表格格式
  • 工作单格式
  • 卡片格式
题名:
民谣吉他入门教程
    
 
作者: 东方·卓越 编著
分册:  
出版信息: 北京   同心出版社  2001
页数: 225页
开本: 26cm
丛书名:
单 册:
中图分类: J623.2
科图分类:
主题词: 六弦琴--奏法
电子资源:
ISBN: 7-80593-506-8
000 00643nam0 2200217 45
001 (011001)c2001074622
005 20041201142056.8
010    @a7-80593-506-8@dCNY19.80
100    @a20010724d2001 em y0chiy0110 ea
101 0  @achi
102    @aCN@b110000
105    @aga z 000yy
200 1  @a民谣吉他入门教程@AMin Yao Ji Ta Ru Men Jiao Cheng@f东方·卓越编著@FDong Fang·Zhuo Yue Bian Zhu
210    @a北京@c同心出版社@d2001
215    @a225页@c插图,乐谱@d26cm
300    @a附录:思考练习答案
606 0  @a六弦琴@x奏法
690    @aJ623.2@v4
701  0 @a东方·卓越@4编著
801  0 @aCN@c20010924
905    @b336230-234@dJ623.2@e130@f5
    
    民谣吉他入门教程/东方·卓越编著.-北京:同心出版社,2001
    225页:插图,乐谱;26cm
    附录:思考练习答案
    
    ISBN 7-80593-506-8:CNY19.80
    
●
相关链接 在E读中查询图书 在五车中查询图书 在当当中查询图书 在豆瓣中查询图书


正题名:民谣吉他入门教程     索取号:J623.2/130         预约/预借

序号 登录号 条形码 馆藏地/架位号 状态 备注
1 0336230   203362306   第一借阅区/ [索取号:J623.2/130] 在馆    
2 0336231   203362315   第一借阅区/ [索取号:J623.2/130] 在馆    
3 0336232   203362324   第一借阅区/ [索取号:J623.2/130] 在馆    
4 0336233   203362333   第一样本阅览室/ [索取号:J623.2/130] 在馆    
5 0336234   203362342   第一借阅区/ [索取号:J623.2/130] 在馆    
唐山师范学院图书馆 欢迎您!
大连网信软件有限公司© 版权所有